000 004770000a22001810004500
003 LK-CoMWRAF
008 230817t ||||| |||| 00| 0 eng d
020 _a0715319019
040 _aLK-CoMWRAF
_dLK-CoMWRAF
_eLK-CoMWRAF
041 _aeng
082 _a800
_bSTE
100 _aStevens, Helen M.
245 _aHelen M. Stevens' Embroidered Butterflies
_b
260 _bDavid & Charles
_aDevon
_c2001
300 _ap.96
490 _aMasterclass Embroidery Series
942 _cBK
999 _c1279
_d1279